000 00377nam a2200145Ia 4500
008 220204s9999 xx 000 0 und d
082 _a630:631.811
_bBOW
100 _aBOWEN, G D
245 0 _aNutrition of plantation forests
260 _aLondon
_bAcademic
_c1984
650 _aNutrient deficiency
650 _aPlantation forests
700 _aNAMBIAR, E K S
942 _cBK
999 _c39148
_d39148